| 000 | 03818cam a22007334i 4500 | ||
|---|---|---|---|
| 003 | PE-LiUPU | ||
| 005 | 20250731170424.0 | ||
| 008 | 180904s2016 mx a rb 001 0 spa d | ||
| 020 |
_a9786070280634 _q(UNAM) |
||
| 020 |
_a9786074485752 _q(Manual moderno) |
||
| 035 | _a(Sirsi) a249922 | ||
| 040 |
_aPE-LiUPU _bspa _cPE-LiUPU _erda |
||
| 049 | _aPRUA | ||
| 082 | 0 | 4 |
_a158.7098 _bU77 _220 |
| 082 | 0 | 4 |
_a158.7 _bU77 _220 |
| 100 | 1 |
_aUribe Prado, Jesús Felipe, _eautor. |
|
| 245 | 1 | 0 |
_aPsicología del trabajo : _bun entorno de factores psicosociales saludables para la productividad / _c[coordinador y autor] Jesús Felipe Uribe Prado ; editor, Santiago Viveros Fuentes ; colaboradores, Hugo Figuereido Ferraz [y otros veinticuatro]. |
| 250 | _aPrimera edición. | ||
| 264 | 1 |
_aMéxico : _bEl manual Moderno, _c2016. |
|
| 300 |
_ali, 218 páginas : _bilustraciones ; _c23 centímetros |
||
| 336 |
_atext _2rdacontent |
||
| 337 |
_aunmediated _2rdamedia |
||
| 338 |
_avolume _2rdacarrier |
||
| 504 | _aBibliografía al final de cada capítulo. | ||
| 504 | _aÍndice: páginas 213-218. | ||
| 505 | 0 | _aParte 1: Calidad de vida -- Felicidad laboral -- Calidad de vida -- El estilo de vida y la salud en el trabajo -- Factores de riesgo psicológico del trabajo -- Justicia interpersonal y personalidad -- Parte 2: Desgaste ocupacional, síndrome de quemarse por el trabajo o burnout -- Síndrome de quemarse por el trabajo -- Un modelo de desgaste ocupacional -- Burnout en profesores universitarios dominicanos y su relación con la satisfacción laboral -- Relaciones de Intercambio en las organizaciones y riesgos psicosociales -- Parte 3: Salud y productividad -- Mejora de los ambientes laborales a partir de la psicología ambiental organizacional -- Alteraciones en la salud en trabajadores que laboran rotando turnos y trabajo nocturno -- Aproximaciones a la medida de factores estresores y protectores en profesiones sanitarias -- Liderazgo y su relación con variables de resultado -- Conceptualización de la carga mental de trabajo. | |
| 526 | _aSEG68 | ||
| 526 | _aSEG70 | ||
| 526 | _aSEG69 | ||
| 526 | _aSEG67 | ||
| 526 | _aSEG43 | ||
| 526 | _aP144 | ||
| 526 | _aP143 | ||
| 526 | _aP131 | ||
| 526 | _aP122 | ||
| 526 | _aP120 | ||
| 526 | _aP117 | ||
| 526 | _aP112 | ||
| 526 | _aP110 | ||
| 526 | _aP106 | ||
| 526 | _aP101 | ||
| 526 | _aP80 | ||
| 526 | _aP59 | ||
| 526 | _aP54 | ||
| 526 | _aP35 | ||
| 526 | _aP33 | ||
| 526 | _aP30 | ||
| 541 | _g423-0000038; | ||
| 541 | _gF002-00000795; | ||
| 650 | 0 | 4 |
_aTrabajo _xAspectos psicológicos. |
| 650 | 0 | 4 |
_aSatisfacción en el trabajo. _93869 |
| 700 | 1 |
_aUribe Prado, Jesús Felipe, _eautor. |
|
| 700 | 1 |
_aViveros Fuentes, Santiago, _eeditor. |
|
| 700 | 1 |
_aFiguereido Ferraz, Hugo, _econlaborador. |
|
| 910 |
_agvs _d20180904 |
||
| 910 |
_adbm _bjpc _cjpc _d20190312 |
||
| 942 |
_2ddc _cBOOK |
||
| 949 |
_a158.7098 U77 2016 _wDEWEY _c1 _iFT03772 _lCCODEBUT1 _mBUT _p{dolar}44.90 _r0 _sY _tBOOK _u2018-09-04 _xFSALUD _PP33 _0COMPRA _o.STAFF. Colección General Tarapoto |
||
| 994 |
_aC0 _bPEPRU |
||
| 596 | _a1 2 | ||
| 999 |
_a158.7098 U77 2016 _wLC _c29440 _iFT03772 _f2019-2-20 _g1 _lCCODEBUT1 _mBUT _p44.90 _r0 _sY _tBOOK _u2018-9-4 _xSALUD _zP33 _0COMPRA _o.STAFF. Colección General Tarapoto _d29440 |
||
| 999 |
_a158.7 U77 _wDEWEY _c1 _i79910 _f2021-11-3 _g3 _lCCODEBUL1 _mBUL _p18.00 _r0 _sY _tBOOK _u2019-3-12 _xSALUD _zP33 _0COMPRA _1FCOMPR2 _o.STAFF. Colección Ciencias de la Salud |
||
| 999 |
_a158.7 U77 _wDEWEY _c2 _i79911 _d2019-10-2 _f2021-11-3 _g3 _lCCODEBUL1 _mBUL _p18.00 _q2 _r0 _sY _tBOOK _u2019-3-12 _xSALUD _zP33 _0COMPRA _1FCOMPR2 _o.STAFF. Colección Ciencias de la Salud |
||
| 980 |
_81 _gALBERTO SANCHEZ Responsable de Automatización |
||